000 01208nam a2200313 i 4500
001 20054
003 KOSZ 005
005 20210204140640.0
008 991116s1981 pl a f f |000 0 pol
015 _aPB 1982/704
040 _aWA N
_cWA N
_dKOSZ 005/HR
080 _a628.3
080 _a628.5
080 _a(075.8)
100 1 _aPiecuch, Tadeusz
_d(1946-2018)
_eAutor
245 1 0 _aTechnologia i technika ścieków przemysłowych /
_cTadeusz Piecuch, Anna Anielak ; Politechnika Częstochowska, Instytut Inżynierii Lądowej, Kierunek Inżynieria Środowiskowa.
260 _aCzęstochowa :
_bPC,
_c1981.
300 _a303, [1] s. :
_bil. tab. wykr. ;
_c24 cm.
490 1 _aSkrypt Uczelniany / Politechnika Częstochowska.
504 _aBibliogr. s. 296-303.
650 4 _aŚcieki przemysłowe
650 4 _aOczyszczanie ścieków
655 4 _aPodręczniki akademickie
658 _aInżynieria i technika
700 1 _aAnielak, Anna Maria
_d(1952- )
_eAutor
830 0 _aSkrypt Uczelniany - Politechnika Częstochowska.
856 _uhttp://koha.tu.koszalin.pl/cgi-bin/koha/opac-detail.pl?biblionumber=20054
_yKatalog online BPK
942 _2UKD
_cKS
999 _c20054
_d20054